| 000 | 00634nam a2200229Ia 4500 | ||
|---|---|---|---|
| 008 | 180628s9999 xx 000 0 und d | ||
| 020 | _a978-0-600-63514-7 | ||
| 050 | _aREF AG 243 | ||
| 050 | _b.T47 2017 | ||
| 100 | _aTerry, Paul. | ||
| 245 | 0 | _aTop 10 of everything 2018 / | |
| 245 | 0 | _cPaul Terry. | |
| 260 | _aGreat Britain : | ||
| 260 | _bHamlyn, | ||
| 260 | _c2017 | ||
| 300 | _a303 pages : | ||
| 300 | _bcolored illustrations ; | ||
| 300 | _c24 cm. | ||
| 500 | _aIncludes index. | ||
| 650 | _aCuriousities and wonders -- Juvenile literature. | ||
| 650 | _xPopular culture -- Miscellanea -- Juvenile literature. | ||
| 999 |
_c358135 _d358135 |
||